1140 1637 1358 1059 1739 1571 1647 1053 1394 1477 1633 1969 1307 1647 1822 1749 1160 1250 1793 1886 1387 1393 1613 1026 1686 1324 1261 1771 1837 1919 1896 1621 1053 1574 1180 1377 1918 1603 1217 1538 1132 1222 1155 1963 1412 1651 1549 1364 1143 1447 1398 1892 1595 1846 1123 1715 1246 1650 1931 1394 1494 1651 1317 1645 1953 1784 1918 1667 1170 1324 1897 1549 1977 1543 1812 1250 1982 1348 1916 1759 1086 1219 1218 1515 1399 1682 1879 1437 1429 1763 1918 1546 1915 1197 1889 1699 1498 1978 1805 BCNSPRNW ULIB Ver.6.0+V

เปลี่ยนเป็นภาษาไทย

Change to English
 แสดงรายละเอียดบรรณานุกรม
  กลับหน้าหลัก

Brief Record : Get Marc (ISO 2709) : E-mail record : QR code < ปิดหน้าต่าง
LEADER : 00000nam 2200000uu 4500
001    13399122990
003     ULIB
008    131121s2555||||th 000 0 tha d
020    ^a9789742992040 (pbk.)
050  4 ^aLB2369^bบ891
245 00 ^aแบบแผนการเขียนองค์การอนามัยโลก/^cธีรเดช อุทัยวิทยารัตน์, ผู้แปล ; วิชัย โชควิวัฒน, บรรณาธิการ
246 31 ^aWHO style guide
246 33 ^aWorld Health Organization style guide
260    ^a110 หน้า ;^c24 ซม.
300    ^aกรุงเทพฯ :^bสถาบันพัฒนาการคุ้มครองการวิจัยในมนุษย์,^c2555.
536    ^aอภินันทนาการจาก น.ส.จารุวรรณ ธรรมวิทย์
610 20 ^aWorld Health Organization
610 20 ^aWorld Health Organization^vStyle manuals
610 24 ^aองค์การอนามัยโลก
610 24 ^aองค์การอนามัยโลก^xการเขียน
650  4 ^aการเขียนทางวิชาการ^vคู่มือ
700 0  ^aธีรเดช อุทัยวิทยารัตน์,^eผู้แปล
700 0  ^aวิชัย โชควิวัฒน,^eบรรณาธิการ
710 1  ^aสถาบันพัฒนาการคุ้มครองการวิจัยในมนุษย์
856    ^zT07728.pdf (Content)^uhttp://192.168.190.19/ULIB6//_fulltext/5/13399122990/20131121112456_1052.pdf
945    ^p0^l0^i034192
999    ^aเกษร โพธิ์สุวรรณ
รายการนี้ยังไม่มีแท็ก
คุณยังไม่ได้ล็อกอิน คุณสามารถมีกิจกรรมร่วมกับเว็บไซต์ได้ แต่ต้องล็อกอินก่อน ::
  ล็อกอิน

รายการสื่อสารสนเทศ

ลำดับที่ ประเภท เลขเรียก/บาร์โค้ด สถานที่ สถานะ
1. วิทยาศาสตร์การแพทย์ และสุขภาพ
หนังสือสำรอง
สถานะ=หนังสือสำรอง
LB2369 บ891 ฉ.1 
  Barcode: 034192
ห้องสมุดวิทยาเขตสวรรค์ประชารักษ์
►หนังสือทั่วไป
บนชั้น

BibComment


ยังไม่เคยถูกคอมเมนท์

คอมเมนท์ทรัพยากรรายการนี้
  คอมเมนท์: แบบแผนการเขียนอง..


 Copyright 2026. Bcnsprnw @Library